| 000 | 00491nam a22001817a 4500 | ||
|---|---|---|---|
| 005 | 20230118122914.0 | ||
| 008 | 190604b xxu||||| |||| 00| 0 eng d | ||
| 020 | _aN 1626 | ||
| 041 | _aeng | ||
| 082 | _a615.19 | ||
| 100 |
_aYADAV, DR. AWESH KUMAR AND SHARMA, RAJEEV _95037 |
||
| 245 | _aMODULATED ORAL AND NANO DRUG DELIVERY SYSTEM | ||
| 250 | _a1st ED. 2016 | ||
| 260 |
_aPUNE _bNIRALI PRAKASHAN |
||
| 300 | _a10.20p, | ||
| 650 |
_aPHARMACY _xB.PHARMA AND D.PHARMA _97476 |
||
| 942 | _cBK | ||
| 999 |
_c5935 _d5933 |
||